VHDL for digital design / (Record no. 17774)
[ view plain ]
| 000 -LEADER | |
|---|---|
| fixed length control field | 00863cam a22002657a 4500 |
| 001 - CONTROL NUMBER | |
| control field | 15367722 |
| 005 - DATE AND TIME OF LATEST TRANSACTION | |
| control field | 20131203093802.0 |
| 008 - FIXED-LENGTH DATA ELEMENTS--GENERAL INFORMATION | |
| fixed length control field | 080715t2007 xxua fr 001 0 eng d |
| 010 ## - LIBRARY OF CONGRESS CONTROL NUMBER | |
| LC control number | 2008298047 |
| 020 ## - INTERNATIONAL STANDARD BOOK NUMBER | |
| International Standard Book Number | 0470052635 (pbk.) |
| 020 ## - INTERNATIONAL STANDARD BOOK NUMBER | |
| International Standard Book Number | 9780470052631 (pbk.) |
| 040 ## - CATALOGING SOURCE | |
| Original cataloging agency | SISPL |
| Transcribing agency | SISPL |
| Modifying agency | YDXCP |
| -- | BAKER |
| -- | IXA |
| -- | BTCTA |
| -- | DLC |
| 050 00 - LIBRARY OF CONGRESS CALL NUMBER | |
| Classification number | TK7885.7 |
| Item number | .V34 2007 |
| 082 04 - DEWEY DECIMAL CLASSIFICATION NUMBER | |
| Classification number | 621.392 |
| Edition number | 22 |
| Item number | VAH |
| 100 1# - MAIN ENTRY--PERSONAL NAME | |
| Personal name | Vahid, Frank. |
| 9 (RLIN) | 34514 |
| 245 10 - TITLE STATEMENT | |
| Title | VHDL for digital design / |
| Statement of responsibility, etc | Frank Vahid, Roman Lysecky. |
| 260 ## - PUBLICATION, DISTRIBUTION, ETC. (IMPRINT) | |
| Place of publication, distribution, etc | Hoboken, United states. : |
| Name of publisher, distributor, etc | John Wiley & sons, Inc., |
| Date of publication, distribution, etc | c.2007. |
| 300 ## - PHYSICAL DESCRIPTION | |
| Extent | xvi, 166 p. : |
| Other physical details | ill. ; |
| Dimensions | 24 cm. |
| 500 ## - GENERAL NOTE | |
| General note | Includes index. |
| 650 #0 - SUBJECT ADDED ENTRY--TOPICAL TERM | |
| Topical term or geographic name as entry element | VHDL (Computer hardware description language) |
| 9 (RLIN) | 34515 |
| 653 ## - INDEX TERM--UNCONTROLLED | |
| Resource For college | |
| Arrived date list | December2013 |
| 655 ## - INDEX TERM--GENRE/FORM | |
| Form subdivision | |
| -- | 33728 |
| 700 1# - ADDED ENTRY--PERSONAL NAME | |
| Personal name | Lysecky, Roman. |
| 9 (RLIN) | 34516 |
| 942 ## - ADDED ENTRY ELEMENTS (KOHA) | |
| Source of classification or shelving scheme | Dewey Decimal Classification |
| Item type | Book - Borrowing |
| Call number prefix | 621.392 VAH |
| Withdrawn status | Item status | Source of classification or shelving scheme | Damaged status | Not for loan | Vendor | Home library | Current library | Shelving location | Date acquired | Source of acquisition | Total Checkouts | Full call number | Barcode | Date last seen | Koha item type | Total Renewals | Date last borrowed |
|---|---|---|---|---|---|---|---|---|---|---|---|---|---|---|---|---|---|
| Dewey Decimal Classification | Baccah | Central Library | Central Library | First floor | 02/12/2013 | 621.392 VAH | 000029647 | 15/07/2025 | NB - Book (Non borrowing) | ||||||||
| Dewey Decimal Classification | Baccah | Central Library | Central Library | First floor | 02/12/2013 | 6 | 621.392 VAH | 000029648 | 15/07/2025 | Book - Borrowing | 11 | 25/08/2016 |